000 00204 a2200097 4500
001 41384
100 _aWright, J
245 _aThe Jet engine
260 _aLondon
_bCassell & co
_c
090 _c25561
_d25561
942 _aNUST-CAE
_cM
_c17293
999 _c276457
_d276457